| 000 | 00645nam a2200133Ia 4500 | ||
|---|---|---|---|
| 008 | 171212s9999 xx 000 0 und d | ||
| 020 | _a9780833043054 | ||
| 100 | _aMarquis, Jefferson P.;Lim, Nelson;Scott, Lynn M.;Harrell, Margaret C.;Kavanagh, Jennifer Erin | ||
| 245 |
_cMarquis, Jefferson P.;Lim, Nelson;Scott, Lynn M.;Harrell, Margaret C.;Kavanagh, Jennifer Erin _aManaging Diversity in Corporate America _bAn Exploratory Analysis |
||
| 260 |
_bRAND Corporation _c2008 |
||
| 650 | _aDiversity in the workplace -- United States -- Management | ||
| 650 | _aManagement & Organizational Behavior | ||
| 856 | _uwww.jstor.org/stable/10.7249/op206rc | ||
| 999 |
_c352293 _d352293 |
||